| 000 | 00360nam a2200145Ia 4500 | ||
|---|---|---|---|
| 008 | 230711s9999||||xx |||||||||||||| ||und|| | ||
| 041 | _aENG | ||
| 082 |
_a621 _bST-N |
||
| 100 | _aStanley,William D | ||
| 245 | 0 | _aNetwork analysis with applications | |
| 250 | _a4th Ed. | ||
| 260 |
_c2004 _aNew Delhi _bPearson |
||
| 650 | _aElectrical Engineering | ||
| 942 | _cBK | ||
| 999 |
_c4322 _d4322 |
||